000 01299nam a2200313 a 4500
001 BRCA_3390
005 20190320204246.0
041 _aeng
044 _aenk
084 _a679
_b.P43
_c1905
100 1 _aCervantes Saavedra, Miguel de
_d1547-1616
_9213
245 1 0 _aThe Life and Adventures of Don Quixote de la Mancha
_cTranslated from the Spanish of Miguel de Cervantes Saavedra.
260 _aLondres
_bC. Arthur Pearson
_c1905
300 _a1 v. en 2 partes (xix, 551 p.)
_bil.
_c21 cm.
500 _aContenido : Vida de Cervantes. Texto abreviado de ambas partes
500 _aEdición : Illustrated by H. M. Brock
500 _aEdición compendiada por abreviador anónimo. Va adornada con dibujos de H. M. Brock Lúdovik Osterc
500 _aEstado físico : Ejemplar defectuoso; le faltan las páginas vii, viii, ix y x
500 _aQM1140
546 _aTexto en : inglés
650 1 4 _aNovela española
_yÉpoca clásica, 1500-1700
_9215
650 1 4 _aLiteratura española
_yÉpoca clásica, 1500-1700
_9216
650 1 4 _aNovela española
_ySiglo XVII
_9217
650 1 4 _aDon Quijote (Personaje ficticio)
_eNovela
_9218
700 1 _aBrock, Henry Matthew
_d1875-1960
_eIlustrador
_98913
740 0 _aEl Ingenioso Hidalgo Don Quijote de la Mancha
902 _aQFM
942 _2lcc
_cB
999 _c3126
_d3126